LIBRARY & INFORMATION CENTRE, KCAET, TAVANUR

ONLINE PUBLIC ACCESS CATALOGUE (OPAC)

Lasers and non-linear optics / (Record no. 8911)

MARC details
000 -LEADER
fixed length control field 00397cam a2200157ua 4500
003 - CONTROL NUMBER IDENTIFIER
control field OSt
008 - FIXED-LENGTH DATA ELEMENTS--GENERAL INFORMATION
fixed length control field 241231b |||||||| |||| 00| 0 eng d
020 ## - INTERNATIONAL STANDARD BOOK NUMBER
ISBN 9788122430561
082 ## - DEWEY DECIMAL CLASSIFICATION NUMBER
Classification number 621.366
Item number LAU/LA
100 ## - MAIN ENTRY--AUTHOR NAME
Personal name Laud, B B .
245 ## - TITLE STATEMENT
Title Lasers and non-linear optics /
250 ## - EDITION STATEMENT
Edition statement 2 /
260 ## - PUBLICATION, DISTRIBUTION, ETC. (IMPRINT)
Place of publication New Delhi :
Name of publisher New Age International Ltd ,
Year of publication 1996.
300 ## - PHYSICAL DESCRIPTION
Number of Pages 262 ; .
942 ## - ADDED ENTRY ELEMENTS (KOHA)
Koha item type Books
Holdings
Withdrawn status Lost status Damaged status Home library Current library Date acquired Full call number Accession Number Koha item type Collection code Shelving location Source of acquisition Cost, normal purchase price
      KAUAET KAUAET 07/04/2012 621.366 LAU/LA 19994 Books        
      KAUAET KAUAET 31/03/2012 621.366 LAU/LA 22371 Books Non-fiction General Stacks Cosmo Books, Calicut 195.00
free website counter